LIBRARY & INFORMATION CENTRE, KCAET, TAVANUR

ONLINE PUBLIC ACCESS CATALOGUE (OPAC)

Gova munnerunnu / (Record no. 4533)

MARC details
000 -LEADER
fixed length control field 00425cam a2200181ua 4500
041 ## - LANGUAGE CODE
Language code of text/sound track or separate title mal
082 ## - DEWEY DECIMAL CLASSIFICATION NUMBER
Classification number 894.812308
Item number ANN/GO
100 ## - MAIN ENTRY--AUTHOR NAME
Personal name Anand, Warti .
245 ## - TITLE STATEMENT
Title Gova munnerunnu /
260 ## - PUBLICATION, DISTRIBUTION, ETC. (IMPRINT)
Place of publication Thrissur :
Name of publisher Current Books ,
Year of publication 1965.
300 ## - PHYSICAL DESCRIPTION
Number of Pages 236 ; .
942 ## - ADDED ENTRY ELEMENTS (KOHA)
Koha item type Books
Holdings
Withdrawn status Lost status Damaged status Home library Current library Date acquired Full call number Accession Number Koha item type Public note
      KAUAET KAUAET 07/04/2012 894.812308 10679 Books  
Withdrawn     KAUAET Malayalam University 07/04/2012 894.812308 8643 Books Transferred to Malayalam University
free website counter